000 00802nam a2200229 i 4500
001 bg
100 1 _aALIABADI, M.H.
245 3 0 _aThe boundary element method.
_nT.2,
_pApplications in solids and structures /
_cM.H. Aliabadi.
260 _aChichester :
_bJohn Wiley,
_c2002.
300 _aXVI, 580 s. :
_bil. ;
_c24 cm.
504 _aBibliogr.
650 9 _aMetody i |zagadnienia brzegowe
_xstosowanie
_xkonstrukcje
650 9 _aKonstrukcje
_xmechanika
_xbadanie
_xmetody
020 _a0470842989
040 _cBPK
041 0 _aen
080 _a539.3/.5:[621.01:624.01
920 _a0-470-84298-9
942 _cKS
008 s pl f |000 0 pol
999 _c41139
_d41139
856 _uhttp://koha.tu.koszalin.pl/cgi-bin/koha/opac-detail.pl?biblionumber=41139
_yKatalog online BPK